LEADER 02652nam 22004693 450 001 996662862003316 005 20250531060321.0 010 $a1-83695-022-5 035 $a(MiAaPQ)EBC31825732 035 $a(Au-PeEL)EBL31825732 035 $a(CKB)38997159700041 035 $a(OCoLC)1521497401 035 $a(Exl-AI)31825732 035 $a(EXLCZ)9938997159700041 100 $a20250531d2025 uy 0 101 0 $aeng 135 $aurcnu|||||||| 181 $ctxt$2rdacontent 182 $cc$2rdamedia 183 $acr$2rdacarrier 200 10$aAustria's Difficult Past $eMemory of National Socialism and the Filmization of Television (1960-1980) 205 $a1st ed. 210 1$aNew York, NY :$cBerghahn Books, Incorporated,$d2025. 210 4$dİ2025. 215 $a1 online resource (288 pages) 225 1 $aAustrian and Habsburg Studies ;$vv.38 311 08$a1-83695-020-9 327 $aIntro -- Austria's Difficult Past -- Contents -- Illustrations -- Acknowledgments -- Introduction -- Chapter 1. The Austrian Culture of Remembrance and the Media -- Chapter 2. The Difficult Past in Docufiction -- Chapter 3. Axel Corti Comes to Terms with the Difficult Past in the 1970s -- Chapter 4. National Socialism Comes to the Heimat -- Chapter 5. Adaptations -- Conclusion -- Appendix -- Bibliography -- Index. 330 $aJakub Gortat's book examines Austria's cultural memory of National Socialism through the lens of television and film from 1960 to 1980. The text explores how Austria navigated its complex historical narrative, particularly its self-perception as a victim of Nazi aggression, while simultaneously honoring Wehrmacht and SS veterans. Through analysis of docufiction, fiction films, and television broadcasts, the author highlights the evolving representation of Austria's past and its impact on collective memory. The work delves into the role of filmmakers and media in shaping public discourse around National Socialism and addresses themes of remembrance, identity, and historical accountability. The book is intended for scholars, historians, and individuals interested in Austrian studies, media history, and Holocaust memory studies.$7Generated by AI. 410 0$aAustrian and Habsburg Studies 606 $aNational socialism$zAustria$7Generated by AI 606 $aCollective memory$7Generated by AI 615 0$aNational socialism 615 0$aCollective memory. 700 $aGortat$b Jakub$01821081 801 0$bMiAaPQ 801 1$bMiAaPQ 801 2$bMiAaPQ 906 $aBOOK 912 $a996662862003316 996 $aAustria's Difficult Past$94384538 997 $aUNISA